000 00356pam a2200157a 44500
008 230515b1980 xxu||||| |||| 00| 0 eng d
020 _aNULL
041 _aENGLISH
082 _a630
100 _a9606-1980
245 _aDIMENSIONS OF PANELS AND RACKS (4826 MM SYSTEM)
250 _a0
260 _aDELHI
_bISI
_c1980
300 _a34
650 _aNULL
999 _c651865
_d651865